000 00701naa a2200229 i 4500
001 65101
003 ES-MaBCM
005 20241016112658.0
008 000207s1994 esp 000 0 spa d
021 _axx
035 _a(OCoLC)1365251155
040 _cES-MaBCM
041 0 _aspa
043 _aesp
100 1 _aCuenca Toribio, José María
_911399
245 1 3 _aLa transición española, modelo universal
_cJosé María Cuenca Toribio
650 2 7 _aDemocracia
_958263
650 2 7 _aCambio de régimen político
_957801
651 2 4 _aEspaña
_9115342
773 0 _aEn:
_tNueva revista de política, cultura y arte
_dMadrid : 1994
_w105297
_gn. 37, dic., p. 39-53. - Loc. S.425
942 _cAREV
999 _c65101
_d65101